000 00748nam a2200229Ia 4500
003 OSt
005 20220918105508.0
006 a|||||r|||| 00| 0
007 ta
008 220915b |||||||| |||| 00| 0 hin d
024 _a202521
037 _cReference Collections
040 _aARTS
_cARTS
_bhin
041 _2hin
_ahin
082 _aV2:25wN15, 152J4(RR)
100 _aटोलीवाल, डी0 आर0, संपा.
_91679
245 0 _aभारतवर्ष की विभूतियां
246 _aBhāratavarṣha kī vibhūtiyāan
260 _c1954
942 _hV2:25wN15, 152J4(RR)
_cREF
999 _c107576
_d107576